000 00257nam a2200109Ia 4500
008 190216s9999||||xx |||||||||||||| ||und||
100 _aValgov
245 0 _aMalayalam-Priyapetta Thiyo
260 _bMalbery Books
650 _aAthmakadha
942 _cBK
999 _c26668
_d26668